Statistics for Guess the Taylor Swift Song (no hints) 200

Click here to take the quiz!

General Stats

  • This quiz has been taken 12 times
  • The average score is 255 of 314

Answer Stats

Answer% Correct
I
100%
a
91%
about
91%
all
91%
And
91%
and
91%
be
91%
but
91%
But
91%
did
91%
do
91%
Do
91%
for
91%
her
91%
know,
91%
know
91%
me
91%
my
91%
My
91%
on
91%
on",
91%
one
91%
she
91%
She
91%
that?
91%
that
91%
the
91%
The
91%
think
91%
to
91%
What
91%
when
91%
women
91%
you
91%
You
91%
angry
82%
back?
82%
call
82%
'Cause
82%
crazy
82%
does
82%
Does
82%
drive
82%
Every
82%
fighting
82%
forever"?
82%
"Fuck
82%
get
82%
home?
82%
I'd
82%
I'm
82%
in
82%
It's
82%
kill
82%
like
82%
likes
82%
mad
82%
made
82%
more
82%
mouth,
82%
No
82%
no
82%
Now
82%
Or
82%
out
82%
say,
82%
say
82%
see
82%
seem
82%
shame
82%
sing
82%
They
82%
time
82%
went
82%
will
82%
woman
82%
your
82%
at
73%
bear
73%
face
73%
from
73%
Good
73%
Has
73%
lawn?
73%
neighbor's
73%
nothin'
73%
of
73%
Over
73%
scorpion
73%
Should
73%
should
73%
there's
73%
too
73%
won't
73%
around
64%
brought
64%
cannons
64%
claws
64%
climb
64%
come
64%
dead
64%
dirtiest
64%
Doing
64%
each
64%
everything
64%
find
64%
firin'
64%
flames
64%
hunting
64%
"Move
64%
noose
64%
people
64%
really
64%
smile?
64%
something
64%
sting
64%
strike
64%
takin'
64%
Takin'
64%
talk
64%
'til
64%
together
64%
took
64%
two
64%
Watchin'
64%
witches,
64%
work
64%
wrap
64%
yacht
64%
always
55%
breathe
55%
couple
55%
flings
55%
master
55%
obvious
55%
poke
55%
scathing
55%
side
55%
spin
55%
wanting
55%
wives
55%
you'll
55%

Score Distribution

Percentile by Number Answered

Percent of People with Each Score

Your Score History

You have not taken this quiz